Emirates Fleet - Statistics

General Stats
  • This quiz has been taken 44 times
  • The average score is 6 of 8
Answer Stats
Hint Answer % Correct
Airbus A350-900
94%
Airbus A380-800
91%
Boeing 777-300ER
77%
Boeing 777-200LR
71%
Boeing(Order) 777-9
66%
Boeing(Order) 787-10
63%
Boeing(Order) 787-8
60%
Boeing(Order) 777-8
57%
No matching quizzes found
Score Distribution
Percent of People with Each Score
Percentile by Number Answered
Your Score History
You have not taken this quiz